Geometry Dash Quiz - Statistics

General Stats
  • This quiz has been taken 73 times
  • The average score is 11 of 15
Answer Stats
Answer % Correct
Are you a noobat Geometry Dash? Yes
96%
How many stars are rewarded to the player after completing the main level Can't Let Go? 6
89%
What is the first main levelthat is rated 'Demon' difficulty? Clubstep
89%
Do you have friends? No
89%
What is thethird main level? Polargeist
89%
What year wasGeometry Dash created? 2013
87%
Which game developercreated Geometry Dash? RobTop
87%
How many main levels arethere in the main game? 21
83%
What is the first gauntlet inGeometry Dash? Fire Gauntlet
83%
How many secret coins does the player need to unlock the third demon difficulty main level - Deadlocked? 30
81%
How many difficulty ratings are there for levels? (excluding NA) 7
68%
What is the maximum amountof secret coins the player can have? 149
57%
How many map packs are there in Geometry Dash? 65
36%
What is the longest time a levelcan be ranked? XL
28%
What is the top 1 player to date? smiffy7777
2%
No matching quizzes found
Score Distribution
Percent of People with Each Score
Percentile by Number Answered
Your Score History
You have not taken this quiz